|
|
|
|
| LEADER |
01326nam a2200265 a 4500 |
| 001 |
GR-Patra32191 |
| 008 |
020225s2001 xxk g b 001 b eng d |
| 015 |
|
|
|2 GB A1-Z3398
|
| 020 |
|
|
|a 0750647981
|
| 082 |
|
0 |
|a 617.719
|2 22
|
| 245 |
0 |
4 |
|a The cornea :
|b its examination in contact lense practice ; edited by Nathan Efron.
|
| 260 |
|
|
|a Oxford :
|b Butterworth-Heinemann,
|c 2001
|
| 300 |
|
|
|a xiv, 206 σ. :
|b εικ. (μερικές έγχρ.)
|
| 500 |
|
|
|a Το αντίτυπο με αριθμ. εισαγ. 52055 βρίσκεται στη Βιβλιοθήκη του Παραρτήματος Αιγίου
|
| 504 |
|
|
|a Περιλαμβάνει βιβλιογραφίες και ευρετήριο.
|
| 650 |
|
0 |
|a Contact lenses
|
| 650 |
|
0 |
|a Cornea
|x Examination
|
| 650 |
|
4 |
|a Οφθαλμολογία
|
| 700 |
1 |
|
|a Efron, Nathan
|
| 710 |
2 |
|
|a British Contact Lens Association
|
| 942 |
|
|
|2 ddc
|
| 952 |
|
|
|0 0
|1 0
|2 ddc
|4 0
|6 617_719000000000000_COR
|7 1
|9 313881
|a LISK
|b LISK
|c BSC
|d 2021-01-17
|e 24
|f 0
|g 0.00
|l 0
|o 617.719 COR
|p 92410052056
|r 2021-01-17 00:00:00
|t 1
|w 2021-01-17
|y BKN
|x 20120824 0 0
|x GrPaTEI
|
| 952 |
|
|
|0 0
|1 0
|2 ddc
|4 0
|6 617_719000000000000_COR
|7 0
|9 369168
|a LISP
|b LISP
|c BSC
|d 2023-02-23
|i 52055
|l 0
|o 617.719 COR
|p 025000297933
|r 2023-02-23 00:00:00
|t 2
|w 2023-02-23
|y BK15
|
| 971 |
|
|
|a .b2679763x
|b 15-04-20
|c 26-09-16
|
| 999 |
|
|
|c 179557
|d 179557
|